Prieskum uplatňovania ECTS v doktorandskom štúdiu na univerzitách v SR

Salzburské princípy pre doktorandské štúdium. Kľúčovým komponentom tretieho cyklu vzdelávania je rozvoj poznatkov na báze originálneho výskumu. Organizácia doktorandského vzdelávania v členských krajinách Bolonského procesu. Diverzita doktorandského štúdia v Európe. Uplatňovanie kreditového systému...

Full description

Saved in:
Bibliographic Details
Main Author: Lesáková, Dagmar, 1949-
Format: Book Chapter
Language:Slovak
Subjects:
Tags: Add Tag
No Tags, Be the first to tag this record!

MARC

LEADER 00000nla$a2200000$$$4500
001 0104549
005 20240502072139.3
041 0 |a slo 
044 |a SK 
245 1 0 |a Prieskum uplatňovania ECTS v doktorandskom štúdiu na univerzitách v SR  |c Dagmar Lesáková 
520 |a Salzburské princípy pre doktorandské štúdium. Kľúčovým komponentom tretieho cyklu vzdelávania je rozvoj poznatkov na báze originálneho výskumu. Organizácia doktorandského vzdelávania v členských krajinách Bolonského procesu. Diverzita doktorandského štúdia v Európe. Uplatňovanie kreditového systému v 3. stupni štúdia v SR. Doporučenia vyplývajúce z prieskumu. 
610 2 0 |a vzdelávanie vysokoškolské 
610 2 0 |a vzdelávanie terciárne 
610 2 0 |a štúdium doktorandské 
610 2 0 |a programy študijné 
610 2 0 |a Európska únia 
610 2 0 |a Slovensko 
100 1 |a Lesáková, Dagmar, 1949-